000 00305nam a22001337a 4500
003 SGT
020 _a978-0-500-51587-7
082 _a746
_bMAH
100 _aMAHONY,MARIE
245 _aADVANCED TEXTILES FOR HEALTH AND WELL BEING
260 _aUSA
_bTHAMEST HUDSON
_c2011
300 _a240
942 _2ddc
_cBK
999 _c24662
_d24662